| 000 | 00662nam a22002177a 4500 | ||
|---|---|---|---|
| 003 | PILC | ||
| 005 | 20160318091917.0 | ||
| 008 | 131212b xxu||||| |||| 00| 0 eng d | ||
| 020 | _a9780080969305 | ||
| 050 |
_aG 155.A1 _b.D476 2011 |
||
| 100 | _aMorgan, Nigel. | ||
| 245 |
_aDestination brands : _bmanaging place reputation / _cNigel Morgan. |
||
| 250 | _a3rd edition. | ||
| 260 |
_aAmsterdam : _bElsevier, _c2011. |
||
| 300 |
_axvii, 370 pages : _billustrations ; _c24 cm. |
||
| 500 | _aIncludes bibliographic references and index. | ||
| 650 |
_aAdvertising _xTourism. |
||
| 650 |
_aTourism _xMarketing. |
||
| 942 |
_2lcc _cBK _kFOR |
||
| 999 |
_c25761 _d25761 |
||